Paul L. Mueller landscape architect.

Saved in:
Bibliographic Details
Main Author: Mueller, Paul L.
Format: Book
Language:English
Published: Minneapolis, Minn. : P.L. Mueller, [19--?].
Subjects:
Tags: Add Tag
No Tags, Be the first to tag this record!
LEADER 00502nam a22001817u 4500
001 000000480-4
005 20080512171851.0
008 830203s1900 ||||||| |||| |0||||eng|d
035 0 |a ocn232006620 
100 1 |a Mueller, Paul L. 
245 1 0 |a Paul L. Mueller landscape architect. 
260 0 |a Minneapolis, Minn. :  |b P.L. Mueller,  |c [19--?]. 
300 |a [3] p. ;  |c 17 cm. 
500 |a Booklet announcing practice. 
600 1 0 |a Mueller, Paul L. 
650 0 |a Landscape architects. 
988 |a 20020608 
906 |0 MH